| 000 | 00848nam a22003137a 4500 | ||
|---|---|---|---|
| 001 | BR6007102 | ||
| 003 | BR-BrBNA | ||
| 005 | 20230928083252.0 | ||
| 007 | ta | ||
| 008 | 230509b bl.||||| |||| 00| 0 por d | ||
| 040 |
_aBR-BrBNA _bpor _cBiblioteca Nacional de Agricultura |
||
| 041 | _a(Por) | ||
| 072 |
_aF00 _b1000 _b/G514 |
||
| 090 | _ 1000 BR6007102 | ||
| 100 | 1 | _aMelo, J.F. | |
| 100 | 1 | _aSilva, C.R. da | |
| 100 | 1 | _aPaiva, A.M. de | |
| 100 | 1 | _aTrindade, J. | |
| 100 | 1 | _aSoares, C.A.N. | |
| 111 | 1 |
_a2. Encontro Nacional de Citricultura _cAracaju, SE (Brazil) _d12 Jul 1970 |
|
| 245 | 1 | _aCitricultura em Sergipe [Brasil] | |
| 260 | 3 |
_aAracaju, SE (Brasil): _c1970. |
|
| 300 | _a14 p. | ||
| 650 | _aProducao vegetal | ||
| 650 | _aCitricultura | ||
| 650 | _aSergipe | ||
| 909 |
_a202309 _bLucia _c55 _dLucia Elande |
||
| 942 | _cBK | ||
| 999 |
_c12495 _d12495 |
||